Balástyán él Aranyossy Ágoston fia Erdélyből érkezett Vásárhelyre a gyógypedagógiai iskola alapítója /

Elmentve itt :
Bibliográfiai részletek
Szerző: Imre Péter
Dokumentumtípus: Cikk
Megjelent: 2010-10-22
Sorozat:Délmagyarország 100 No. 247
Kulcsszavak:Aranyossy Ágoston, Hódmezővásárhely, Balástya, Családtörténet
Online Access:http://dmarchiv.bibl.u-szeged.hu/143614
LEADER 00589nab a2200157 i 4500
001 delm143614
005 20200204130053.0
008 200204s2010 hu o 0|| hun d
040 |a SZTE Délmagyarország Archívum  |b hun 
041 |a hun 
100 1 |a Imre Péter 
245 1 0 |a Balástyán él Aranyossy Ágoston fia   |h [elektronikus dokumentum] :  |b Erdélyből érkezett Vásárhelyre a gyógypedagógiai iskola alapítója /  |c  Imre Péter 
260 |c 2010-10-22 
300 |a 6 
490 0 |a Délmagyarország  |v 100 No. 247 
695 |a Aranyossy Ágoston, Hódmezővásárhely, Balástya, Családtörténet